| 000 | 00768nam a2200229Ia 4500 | ||
|---|---|---|---|
| 003 | OSt | ||
| 005 | 20250304114204.0 | ||
| 008 | 210716s2008 xx 000 0 und d | ||
| 020 | _a9788132119708 | ||
| 040 | _cAIMIT LIBRARY | ||
| 041 | _aeng | ||
| 082 |
_a658.406 _21 _bSIDM |
||
| 100 |
_aSiddiqui, Moid. _9203683 |
||
| 245 |
_aAcrobatics of change: _bconcepts techniques strategies and execution / _cBy Moid Siddiqui and R H Khwaja. |
||
| 250 | _a2nd ed. | ||
| 260 |
_aNew Delhi : _bResponse Books ; _c2008. |
||
| 300 |
_axxix, 258p. ; _bPB _c21 cm. |
||
| 650 |
_aPortfolio management matrix and strategic analysis _9203684 |
||
| 650 |
_aHard track and soft track processes _9203685 |
||
| 700 |
_aKhwaja, R H. _9203686 |
||
| 942 |
_2ddc _cBK _e1st ed. _k658.406 SIDM |
||
| 999 |
_c211393 _d211393 |
||